Golpe de Estado /
Salvato in:
| Autore principale: | |
|---|---|
| Natura: | Sconosciuto |
| Lingua: | Spanish |
| Pubblicazione: |
San José, Costa Rica :
Editorial Costa Rica,
1977.
|
| Serie: | (Colección Joven Creación ;
número 1) |
| Soggetti: | |
| Tags: |
Aggiungi Tag
Nessun Tag, puoi essere il primo ad aggiungerne!!
|
MARC
| LEADER | 000000000a22000000004500 | ||
|---|---|---|---|
| 001 | 002466 | ||
| 041 | 0 | |a spa | |
| 082 | 0 | 4 | |a CR863.4 |b R618g |
| 100 | 1 | |a Rivas, Hugo, |d 1954-1992 | |
| 245 | 1 | 0 | |a Golpe de Estado / |c Hugo Rivas. |
| 260 | 1 | |a San José, Costa Rica : |b Editorial Costa Rica, |c 1977. | |
| 300 | |a 94 páginas | ||
| 490 | 1 | |a (Colección Joven Creación ; |v número 1) | |
| 500 | |a Esta obra fue galardonada con el Premio Joven Creación en 1976 | ||
| 505 | |a Contenido: Herejías para topos / Oscar Álvarez Araya | ||
| 650 | 4 | |a LITERATURA COSTARRICENSE | |
| 650 | 4 | |a CUENTOS | |
| 999 | |c 8901 |d 8901 | ||
| 942 | |c BK |h CR863.4 R618g |2 z | ||
